000 00828nam a22002177a 4500
999 _c9449
_d9449
003 AR-CdUCM
008 190328b ||||| |||| 00| 0 spa d
040 _aMUNICIPALIDAD PROVINCIAL DEL CUSCO
_cBIBLIOTECA MUNICIPAL DEL CUSCO
082 _a869.508 /
_bT78
100 _aTravada y Córdova, Ventura
_925643
245 _aEl suelo de Arequipa convertido en cielo :
_bHistoria general de Arequipa /
260 _aArequipa :
_bLumen,
_c1958.
300 _a121 páginas ;
_c17 cm.
500 _aDonación familia Nieto
505 _aContenido: Fundación gentílica de Arequipa y sus comarcas -- Reventazón del volcán de Huayna Putina -- Noticia del volcán de Arequipa y de sus humos...
650 _aHistoria de Arequipa
_91704
650 _aVolcan
_925644
650 _aMisti
_925645
942 _2ddc
_cLIBROS
945 _adavv